[Event "The Asheboro Open II"]
[Site "http://home.triad.rr.com/ashe"]
[Date "2005.07.23"]
[Round "3"]
[White "Timmel, John"]
[Black "Jones, Craig"]
[Result "0-1"]
[WhiteElo "2100"]
[BlackElo "2300"]
[Annotator "Fritz 9 (30s)"]
[PlyCount "66"]
[EventDate "2005.07.23"]
[SourceDate "2006.11.11"]

{A08: King's Indian Attack} 1. e4 e6 2. d3 d5 3. Nd2 Nf6 4. g3 c5 5. Bg2 Nc6 6.
Ngf3 Be7 7. O-O b6 8. Re1 Bb7 9. e5 Nd7 10. h4 Qc7 {Will e5 fall?} 11. Qe2 h6
12. Nb3 $146 (12. Nf1 O-O-O 13. c3 Rdg8 14. N1h2 (14. Bd2 g5 15. hxg5 hxg5 16.
g4 Nf8 17. Ng3 Ng6 18. Nxg5 Ngxe5 19. Nxf7 Nxf7 20. Qxe6+ Kb8 21. Qxf7 Rxg4 22.
Re2 Rf8 23. Qe6 Rgg8 24. Bh6 Rd8 25. Rae1 Bd6 26. Qf6 d4 27. Re6 Ka8 28. Ne4
Be5 {Gasik,P (2175)-Czarnota,P (2314)/Poraj 2003/EXT 2005/0-1 (43)}) 14... g5
15. hxg5 hxg5 16. Ng4 Rh5 (16... d4 17. Bd2 Kb8 18. Rac1 dxc3 19. bxc3 Rh5 20.
d4 Rgh8 21. Qd3 Qd8 22. d5 exd5 23. Qxd5 Nd4 24. Qxb7+ Kxb7 25. Nxd4+ Kc7 26.
e6 cxd4 27. cxd4+ Nc5 28. dxc5 Qxd2 29. cxb6+ Kxb6 30. exf7 Bc5 31. Rb1+ {
D'Amore,C (2465)-Weiss,C (2370)/Elista 1998/CBM 066 ext/0-1 (37)}) 17. a3 Rgh8
18. d4 Qd8 (18... Na5 19. b4 Nc4 20. Be3 Ba6 21. Reb1 cxb4 22. cxb4 b5 23. Ne1
Bb7 {1/2-1/2 Grzesik,T (2330)-Bischoff,K (2445)/Dortmund 1983/MCD}) 19. b4 Qg8
20. Qd3 c4 21. Qc2 Nf8 22. a4 Ng6 23. Ba3 Bd8 24. b5 Na5 25. Bd6 Kd7 26. Bb4
Nb3 {Grzesik,T (2300)-Backwinkel,P (2300)/Germany 1988/GER-chT/1-0 (66)}) (12.
h5 O-O $15) 12... g5 $17 13. hxg5 (13. a4 $5 $17) 13... hxg5 14. Nxg5 Qxe5 15.
Qxe5 Ndxe5 16. f4 Bxg5 17. fxe5 (17. fxg5 O-O-O $17) 17... Bxc1 18. Raxc1 Rh5
19. c3 (19. g4 Rxe5 20. c4 Rg5 21. cxd5 Nb4 22. dxe6 Rxg4 23. exf7+ Kxf7 $19)
19... Nxe5 20. Re3 O-O-O {Black prepares the advance c4} (20... c4 21. dxc4
Nxc4 22. Re2 $19) 21. d4 Ng4 (21... Nc4 22. Rf3 Rh7 23. dxc5 Nxb2 24. cxb6 axb6
25. Nd2 $19) 22. Rf3 f5 23. Re1 c4 24. Nc1 (24. Nd2 e5 $17) 24... Kd7 25. Rf4
Rdh8 26. Bf3 R5h6 27. Bg2 Bc6 28. Rff1 Kd6 29. Ne2 Ba4 30. Nf4 $2 (30. Rc1 $19)
30... Bc2 31. Re2 (31. Bf3 {is not much help} Nh2 32. Kf2 Nxf1 33. Rxf1 Be4 $19
) 31... Be4 32. Rf3 (32. Rxe4 {doesn't get the bull off the ice} dxe4 33. Rb1
e5 34. dxe5+ Kxe5 $19) 32... b5 (32... e5 $5 {might be the shorter path} 33.
Rxe4 dxe4 34. dxe5+ Kxe5 35. Rf1 $19) 33. Kf1 (33. Re1 {
doesn't change the outcome of the game} Rh2 34. Ree3 a5 $19) 33... Rh1+ $1 {
here's the full point} (33... Rh1+ 34. Bxh1 Rxh1+ 35. Kg2 Rh2+ 36. Kf1 Bxf3 37.
Rxh2 Nxh2+ 38. Kf2 a5 $19) 0-1

[Event "The Asheboro Open II"]
[Site "http://home.triad.rr.com/ashe"]
[Date "2005.07.23"]
[Round "1"]
[White "Timmel, John"]
[Black "Solarez, Daniel"]
[Result "1-0"]
[WhiteElo "2100"]
[BlackElo "1773"]
[Annotator "Fritz 9 (30s)"]
[PlyCount "67"]
[EventDate "2005.07.23"]
[SourceDate "2006.11.11"]

{B03: Alekhine's Defence: Four Pawns Attack} 1. e4 Nf6 2. e5 Nd5 3. d4 d6 4. c4
Nb6 5. f4 dxe5 6. fxe5 Nc6 7. Be3 Bf5 8. Nc3 e6 9. Be2 Qd7 10. Nf3 Be7 11. O-O
O-O 12. Qd2 Bg4 (12... Rad8 13. Rfd1 Bg4 14. h3 Bh5 15. g4 Bg6 16. b3 Qc8 17.
Qb2 f6 18. Rac1 Nd7 19. exf6 Nxf6 20. d5 exd5 21. cxd5 Nxg4 22. hxg4 Qxg4+ 23.
Kf1 Ne5 24. Bf2 Nxf3 25. Bxf3 Qxf3 26. Qe2 Qh1# {
0-1 Stellwagen,R (2052)-Kotz,R (2147)/Kiel 2003/CBM 095 ext}) 13. Rad1 Rad8 14.
b3 $146 (14. Qc1 f6 15. exf6 gxf6 16. Bh6 Rf7 17. Ne5 fxe5 18. Rxf7 Kxf7 19.
dxe5 Bc5+ 20. Kh1 Qxd1+ 21. Bxd1 Bxd1 22. Nxd1 Nxe5 23. Ne3 Nd3 24. Qc3 e5 25.
g4 Kg6 26. Nf5 Nf2+ 27. Kg2 Nxg4 28. Qg3 Kxf5 {
Moser,E (2335)-Wach,M (2398)/Oberpullendorf 2002/CBM 089 ext/1-0 (44)}) 14...
f6 15. c5 (15. Qe1 $5 $16) 15... Nd5 $14 16. Nxd5 exd5 17. exf6 (17. b4 fxe5
18. dxe5 a6 $11) 17... Bxf6 ({Instead of} 17... Rxf6 18. b4 Bxf3 19. Bxf3 $14)
18. b4 a6 {Covers b5} 19. a4 (19. Rde1 Rde8 20. b5 axb5 21. Bxb5 Bh5 $11) 19...
Qe6 (19... Rde8 20. Bd3 Qe6 21. Rde1 Bxf3 22. Rxf3 Nxd4 23. Rf4 $15) 20. Bf2 (
20. Rde1 $5 $11 {is worth looking at}) 20... Nxb4 $15 21. Qxb4 Qxe2 22. Rfe1 {
White threatens to win material: Re1xe2} Qc4 23. Qxb7 Bxf3 24. gxf3 Rf7 25. Qc6
Qb3 {Black threatens to win material: Qb3xf3} 26. Qxa6 Qxf3 27. Rd3 {
White threatens to win material: Rd3xf3} (27. Qe6 Qa3 $15) 27... Qf4 (27... Qf5
$142 $5 28. Rdd1 Qg4+ 29. Kh1 c6 $15) 28. Qe6 $11 Rdf8 (28... Be5 $1 {
is an interesting alternative} 29. Qxe5 Qxf2+ 30. Kh1 Rf5 31. Qe6+ Kh8 $11) 29.
Qxd5 $16 c6 (29... Rd8 30. Qe4 Qg5+ 31. Qg2 $16) 30. Qe4 (30. Qxc6 $142 $5 Be5
31. Bg3 Bxd4+ 32. Kg2 $18) 30... Qg5+ $16 31. Qg2 Qf5 32. Rd2 (32. Red1 Rd7 $16
) 32... Bg5 (32... Ra7 $5 $14) 33. Rde2 $16 Qd3 $4 {
causes further problems for ?} (33... Bd8 $142 $16) 34. Qxg5 $18 (34. Qxg5 Qa6
35. Bg3 Qxa4 36. Bd6 Qxd4+ 37. Qe3 Qg4+ 38. Rg2 $18) 1-0

[Event "The Asheboro Open II"]
[Site "http://home.triad.rr.com/ashe"]
[Date "2005.07.23"]
[Round "?"]
[White "Wofford, Mathew"]
[Black "Timmel, John"]
[Result "0-1"]
[WhiteElo "1979"]
[BlackElo "2004"]
[Annotator "Fritz 9 (30s)"]
[PlyCount "78"]
[EventDate "2005.07.23"]
[SourceDate "2006.11.11"]

{C41: Philidor Defence} 1. e4 e5 2. Nf3 d6 3. d4 Nd7 4. Bc4 Qf6 5. O-O h6 6.
Be3 Ne7 7. dxe5 dxe5 8. Nc3 c6 9. Qd2 g5 10. Rad1 Ng6 11. Bxg5 hxg5 12. Nxg5
Bh6 13. f4 $146 (13. Bxf7+ Ke7 14. f4 Nxf4 15. Rxf4 exf4 16. e5 Qxg5 17. Qd6+
Kxf7 18. e6+ Kg7 19. exd7 f3 20. g3 f2+ 21. Kf1 Rf8 22. dxc8=Q Raxc8 23. Qd7+
Kh8 24. Rd6 Rce8 {0-1 Sanz Cueco,F-Gomez,D/Spain 1997/EXT 2004}) 13... O-O 14.
Nxf7 $2 (14. Qd6 exf4 15. Nf3 $19) 14... Rxf7 15. Qe2 (15. Bxf7+ {
doesn't get the bull off the ice} Qxf7 (15... Kxf7 $6 16. f5 Bxd2 17. fxg6+ Kg7
18. Rxf6 Bxc3 19. Rf7+ Kxg6 20. Rfxd7 Bxd7 21. Rxd7 Bd4+ 22. Kf1 $19) 16. Kh1
exf4 $19) 15... exf4 16. Qh5 (16. Bxf7+ {doesn't do any good} Qxf7 17. Qh5 Kh7
$19) 16... Qg5 (16... Nde5 $142 $5 {might be the shorter path} 17. Bxf7+ Nxf7
18. Ne2 $19) 17. Bxf7+ (17. Qxg5 Bxg5 18. g3 Nf6 $19) 17... Kxf7 18. Rxf4+ Qxf4
19. Rf1 Nf6 20. Rxf4 Bxf4 21. Qe2 Bg4 22. Qc4+ Be6 23. Qb4 b6 24. g3 (24. Qa4
$19 {hoping against hope}) 24... Be3+ 25. Kg2 (25. Kf1 {is not the saving move}
Rd8 26. Nd5 Bc5 $19) 25... Ne5 (25... Rd8 $142 {
it becomes clear that Black will call all the shots} 26. Nd5 cxd5 27. e5 $19)
26. Qd6 Nfd7 (26... Re8 27. Qa3 Rd8 28. Ne2 $19) 27. Ne2 (27. h3 {
doesn't change anything anymore} Bc5 28. Qc7 Ke7 $19) 27... Bc5 28. Qd2 (28.
Qc7 {does not improve anything} Bg4 29. Nf4 Bf3+ 30. Kf1 Bxe4 $19) 28... Bh3+
29. Kh1 Bg4 30. h4 (30. Kg2 $19 {otherwise it's curtains at once}) 30... Bf3+
31. Kh2 Ng4+ 32. Kh3 Nf2+ (32... Ndf6 $142 {keeps an even firmer grip} 33. Nd4
Bxe4 34. a3 Bxd4 35. Qxd4 $19) 33. Kh2 Nf6 34. Nd4 N2g4+ 35. Kh3 (35. Kg1 {
is no salvation} Re8 36. Kf1 Bxe4 $19) 35... Bxe4 36. b4 (36. b3 $19 {
no good, but what else?}) 36... Bxd4 37. Qxd4 Ke7 (37... Re8 $142 {
makes it even easier for Black} 38. Qc4+ Kg6 39. Qe2 $19) 38. Qc3 (38. a4 {
doesn't get the cat off the tree} Rd8 39. Qxe4+ Nxe4 40. Kxg4 Rd4 $19) 38...
Rd8 39. Qe1 Rd1 $1 {Black should return material} (39... Rd1 40. Qxe4+ Nxe4 41.
Kxg4 Nf6+ 42. Kf3 Rb1 $19) 0-1

[Event "The Asheboro Open I"]
[Site "TOM"]
[Date "2005.06.25"]
[Round "1"]
[White "Hickey, Ron"]
[Black "Timmel, John"]
[Result "0-1"]
[WhiteElo "2101"]
[BlackElo "1691"]
[Annotator "Fritz 9 (30s)"]
[PlyCount "62"]
[EventDate "200.??.??"]
[SourceDate "2006.11.11"]

{B84: Sicilian Scheveningen: 6 Be2 a6, lines without early Be3 B84: Sicilian
Scheveningen: 6 Be2 a6, lines without early Be3} 1. e4 c5 2. Nf3 d6 3. d4 cxd4
4. Nxd4 Nf6 5. Nc3 a6 6. Be2 Qc7 7. O-O e6 8. Bg5 Nbd7 9. Bf3 $146 (9. Bh5 g6
10. Be2 b5 11. Re1 Bb7 12. a4 b4 13. Nd5 exd5 14. exd5 Be7 15. Nc6 Bxc6 16.
dxc6 Nc5 17. Bxa6 O-O 18. Bb5 Ne6 19. Bh4 d5 20. Qf3 Ne4 21. Bxe7 Qxe7 22. Rad1
Qc5 23. Qe3 Rfd8 {
Yurtaev,L (2515)-Wojtkiewicz,A (2495)/Manila 1992/TD/1/2-1/2 (57)} 24. f3 Qxe3+
25. Rxe3 N4c5 26. b3 d4 27. Re5 Rd6 28. h4 Na6 29. f4 Nac7 30. f5 gxf5 31. Rxf5
Rd5 32. g4 Rad8 33. Re1 Kf8 34. Bc4 Rxf5 35. gxf5 Nf4 36. a5 Nfd5 37. a6 Ne3
38. Bd3 Ke7 {Yurtaev,L (2515)-Wojtkiewicz,A (2495)/Manila 1992/TD/1/2-1/2 (57)}
) (9. f4 b5 10. a3 Be7 11. Bf3 Bb7 12. Re1 h6 13. Bxf6 Bxf6 14. Kh1 O-O 15. Qd2
Nb6 16. b3 Rac8 17. Nce2 e5 18. fxe5 dxe5 19. Nf5 Qxc2 20. Qe3 Qc5 21. Red1
Qxe3 22. Nxe3 Rfd8 23. Nd5 Nxd5 {
Slaven,V (2065)-Flores Honores,P (2211)/Dos Hermanas 2004/CBM 099 ext/0-1} 24.
exd5 e4 25. Bxe4 Bxa1 26. Rxa1 Bxd5 27. Bxd5 Rxd5 28. h3 Rc2 29. Nf4 Rdd2 {
0-1 Slaven,V (2065)-Flores Honores,P (2211)/Dos Hermanas 2004/CBM 099 ext}) (9.
a4 b6 10. Bh5 g6 11. Bf3 Bb7 12. Re1 h6 13. Bxf6 Nxf6 14. Qd2 Be7 15. Rad1 Rd8
16. g3 h5 17. h4 Nd7 18. Bg2 Ne5 19. Qc1 Bf6 20. Nce2 O-O 21. Nf4 Rfe8 22. c3
Bg7 23. Qc2 Bh6 {
Lengyel,B (2425)-Bischoff,K (2460)/Budapest 1987/CBM 005/0-1 (31)} 24. Qb3 Nc4
25. Nh3 Rc8 26. Re2 Red8 27. Qc2 Qe7 28. Rde1 Ne5 29. Rd1 Ng4 30. Nf3 Bc6 31.
Qb3 Rb8 {0-1 Lengyel,B (2425)-Bischoff,K (2460)/Budapest 1987/CBM 005 (31)}) (
9. Re1 b6 $14) 9... Be7 10. Re1 {
Black has a cramped position. Black's piece can't move: c8} Ne5 11. Nce2 (11.
Be2 O-O $11) 11... Nxf3+ 12. gxf3 (12. Nxf3 $5 {must be considered} Nxe4 13.
Bxe7 Qxe7 14. Qd3 $15) 12... h6 $17 13. Bh4 (13. Be3 $142 $5 $17) 13... g5 $19
14. Bg3 e5 15. Nb3 (15. Nf5 Bxf5 16. exf5 h5 $19) 15... Be6 16. Qd2 Rc8 (16...
h5 $5 {keeps an even firmer grip} 17. h4 gxh4 18. Bh2 $19) 17. c3 Rg8 (17...
Nd7 18. Nbd4 $19) 18. Kh1 (18. Kg2 h5 19. h3 Kf8 $19) 18... h5 19. h4 gxh4 20.
Bxh4 (20. Bh2 Qc6 21. Qe3 Bd8 $19) 20... Nxe4 $1 {Theme: Clearance for e7-h4}
21. fxe4 Bxh4 22. Rg1 Bg4 (22... Kd7 {might be the shorter path} 23. f4 Qc4 24.
Qe3 $19) 23. Ng3 (23. Raf1 Bf3+ 24. Kh2 Rxg1 25. Nxg1 Bxe4 $19) 23... Bg5 24.
Qd3 Qe7 (24... Qc4 {seems even better} 25. Rad1 Bxd1 26. Qxd1 $19) 25. f3 (25.
c4 Qe6 26. Nd2 Bxd2 27. Qxd2 Rxc4 $19) 25... Be6 26. Nd2 (26. Nf5 Bxf5 27. exf5
$19) 26... Bf4 (26... Kd7 {makes it even easier for Black} 27. Ndf1 Bf4 28. Rg2
$19) 27. Nf5 Rxg1+ 28. Rxg1 Bxf5 29. exf5 Qh4+ 30. Kg2 Qh2+ 31. Kf1 Qxd2 (31...
Qxd2 32. Qxd2 Bxd2 $19) (31... Qxd2 32. Qxd2 Bxd2 $19) (31... Bxd2 $6 32. Qxd6
Qh3+ 33. Ke2 Qh2+ 34. Kf1 Qh3+ 35. Ke2 Qh2+ 36. Kf1 $11) 0-1

[Event "The Asheboro Open I"]
[Site "Asheboro, NC"]
[Date "2005.06.25"]
[Round "3"]
[White "King, Paul"]
[Black "Timmel, John"]
[Result "1/2-1/2"]
[WhiteElo "1850"]
[BlackElo "2100"]
[Annotator "Fritz 9 (30s)"]
[PlyCount "49"]
[EventDate "2005.06.25"]
[SourceDate "2006.11.11"]

{A45: Trompowsky Attack} 1. d4 Nf6 2. e3 g6 3. g3 Bg7 4. Bg2 O-O 5. Nf3 (5. Ne2
d5 6. O-O c6 7. Nd2 Bf5 8. b3 Qd7 9. Nf4 a5 10. Nd3 Na6 11. Ba3 Rfe8 12. Nc5
Nxc5 13. Bxc5 Bh3 14. c4 Bxg2 15. Kxg2 a4 16. Qe2 b5 17. cxb5 cxb5 18. b4 Rac8
19. f4 Ng4 {Golovin,A-Labuckas,A (2335)/Lithaunia 2003/EXT 2005/0-1 (46)}) 5...
d6 6. O-O Nbd7 7. b3 c6 $146 (7... e5 8. Bb2 e4 9. Nfd2 Re8 10. c4 Nf8 11. Nc3
Bf5 12. Qc2 Qe7 13. Rac1 h5 14. Nd5 Nxd5 15. cxd5 Rac8 16. b4 Nh7 17. Rfe1 Nf6
18. Qb3 Qd7 19. a4 Bh3 20. Bh1 Qf5 21. Rc2 Nxd5 22. Rec1 {
Aljechin,Y-Rutman,A (2315)/Ozery 1997/EXT 2001/0-1 (45)}) 8. Bb2 Qc7 9. c4 Re8
10. Nc3 e5 11. d5 {This push gains space} e4 {
Black threatens to win material: e4xf3} 12. Nd2 {
White threatens to win material: Nd2xe4} Nc5 13. Ba3 Bf5 14. h3 {Secures g4} h5
(14... Qa5 15. Ndb1 Nd3 16. g4 $15) 15. Ne2 (15. dxc6 $5 {
should be investigated more closely} Qxc6 16. Qc2 $15) 15... cxd5 $17 16. Nd4
Qd7 17. Nxf5 Qxf5 18. cxd5 Nxd5 19. Nc4 Bf8 {Loses material} (19... Qe6 20. Bb2
Bxb2 21. Nxb2 $17) 20. Qd2 (20. Bb2 Nd3 21. Bd4 Qe6 $11) 20... Rad8 (20... b5
$5 21. f3 Qe6 $17) 21. Rad1 (21. f3 exf3 22. Rxf3 Qd3 23. Qxd3 Nxd3 $11) 21...
Nc7 (21... Nf6 22. Na5 $15) 22. Bb2 {Attacks the backward pawn on d6} Nd3 (
22... d5 $5 {is an interesting idea} 23. Qd4 f6 24. Qxf6 Qxf6 25. Bxf6 Rc8 $15)
23. Bxe4 $14 {Theme: Double Attack} Qxe4 (23... Rxe4 {Theme: Interference} 24.
Qxd3) 24. Qxd3 Qxd3 25. Rxd3 1/2-1/2

[Event "The Asheboro Open I"]
[Site "TOM"]
[Date "2005.06.25"]
[Round "2"]
[White "Timmel, John"]
[Black "Parrish, Jacob"]
[Result "1-0"]
[WhiteElo "2104"]
[BlackElo "1500"]
[Annotator "Fritz 9 (30s)"]
[PlyCount "85"]
[EventDate "200.??.??"]
[SourceDate "2006.11.11"]

{B25: Closed Sicilian: 3 g3, lines without early Be3} 1. e4 c5 2. Nc3 Nc6 3. g3
g6 4. Bg2 Bg7 5. d3 d6 6. f4 Nh6 7. Nf3 O-O 8. O-O c4 $146 (8... Bd7 9. h3 f5
10. exf5 Nxf5 11. g4 Nfd4 12. Nxd4 cxd4 13. Ne4 Qb6 14. Kh1 Rae8 15. Bd2 Qxb2
16. Rb1 Qxa2 17. Rxb7 Be6 18. f5 Bc8 19. Rc7 Ne5 20. Bg5 Bd7 21. f6 exf6 22.
Nxf6+ Bxf6 23. Bxf6 {
Barsov,A (2400)-Graf,A (2510)/Tashkent 1992/EXT 97/0-1 (37)}) (8... f5 9. h3 (
9. Be3 Ng4 10. Bd2 Rb8 11. h3 Nf6 12. e5 Nh5 13. exd6 Nxg3 14. dxe7 Nxe7 15.
Re1 h6 16. Ne5 Kh7 17. Kh2 Nh5 18. Qe2 b6 19. Nc4 Ng8 20. Nd5 Bb7 21. Qe6 Qh4 {
0-1 Krajnc,R-Nakamura,H (2571)/playchess.com 2004/EXT 2005}) (9. Ne2 Qc7 10. c3
b5 11. Ng5 c4 12. dxc4 Qb6+ 13. Kh1 Kh8 14. cxb5 Qxb5 15. h3 fxe4 16. Bxe4 Bb7
17. Ne6 Nd8 18. Nxg7 Bxe4+ 19. Kh2 Bd3 20. Nd4 Qc4 21. Rf3 Be4 22. Re3 d5 23.
Nge6 Nxe6 {Brodie,H-Posner,H/Ottawa 1969/EXT 2002/0-1 (49)}) 9... Nf7 10. Be3
Nd4 11. Qd2 Bd7 (11... Rb8 12. Rab1 b5 13. Ne2 Nxe2+ 14. Qxe2 b4 15. exf5 gxf5
16. d4 Qa5 17. Rfd1 Ba6 18. Qf2 Rbc8 19. Nh4 cxd4 20. Bxd4 Bxd4 21. Qxd4 Rxc2
22. Bd5 Bc8 23. Re1 Qc5 24. Rbd1 Re8 25. Bb3 Rxb2 26. Ba4 {
Bejtovic,J (2319)-Terzic,S (2286)/Neum 2002/CBM 090/0-1 (45)}) 12. Rae1 Bc6 13.
Kh2 Qd7 14. Bg1 Rae8 15. Nxd4 cxd4 16. Nd5 e6 17. Nb4 {
1/2-1/2 Golubovic,B (2420)-Dorfman,J (2590)/Cannes 1996/EXT 98}) (8... a5 9. h3
$14) 9. h3 {Controls g4} cxd3 10. cxd3 Qa5 (10... Qb6+ 11. Kh2 $14) 11. Nd5 (
11. Be3 $5 $16) 11... Be6 $11 {Black threatens to win material: Be6xd5} 12. Bd2
(12. Ne3 Qb6 $11 (12... Bxa2 $143 13. Qe2 $16)) 12... Qc5+ (12... Qb5 $5 $15 {
is interesting}) 13. Be3 Qa5 14. b4 (14. g4 $5 $14) 14... Qa3 $11 15. Bc1 (15.
Nc7 Bc4 16. Qc1 Qxd3 $14) 15... Qa6 $15 16. d4 Bxd5 17. exd5 Nxb4 18. Qb3 {
White threatens to win material: Qb3xb4} Qb6 19. Rb1 (19. Bd2 $142 $5 {
looks like a viable alternative} Bxd4+ 20. Nxd4 Qxd4+ 21. Be3 $15) 19... Nxd5
$1 $19 {Clearance to allow b6-b1} 20. Qd3 (20. Qxd5 {Deflection from b1} Qxb1)
20... Qc7 21. Bd2 (21. Nh4 Qc3 22. Rd1 Qxd3 23. Rxd3 Nb6 $17) 21... Rfc8 22.
Nh4 (22. Rfc1 Qd7 $19) 22... Nb6 (22... e6 23. Rfc1 Qd7 24. g4 $19) 23. f5 (23.
Rbc1 Qd7 24. f5 Rxc1 25. Bxc1 Nxf5 26. Nxf5 gxf5 27. Rxf5 Qc8 $19) 23... Qc2
24. Qxc2 (24. Rb3 d5 25. Re1 Qxd3 26. Rxd3 Kf8 $19 (26... Nxf5 $143 27. Nxf5
gxf5 28. Rxe7 $17)) 24... Rxc2 25. Bxh6 Bxh6 26. fxg6 hxg6 27. Bxb7 Rb8 (27...
Rd8 28. Be4 Re2 29. Bd3 Rxa2 30. Nxg6 Be3+ 31. Kh1 fxg6 32. Rxb6 axb6 33. Bc4+
d5 34. Bxa2 Bxd4 35. Kg2 $19) 28. Be4 Rxa2 (28... Rd2 29. Rfd1 Rxd1+ 30. Rxd1
$19) 29. Nxg6 Be3+ 30. Kh1 Re8 $4 {weakening the position} (30... e6 $5 31.
Ne7+ Kg7 32. Rf3 $19) 31. Rxb6 $4 {gives the opponent new chances} (31. Bc6
$142 {and White can hope to survive} Rd8 32. Nxe7+ Kf8 33. Nf5 $16) 31... axb6
$17 (31... fxg6 $6 32. Rb7 Kg7 33. Bc6 $11) 32. Bc6 Rb8 ({Weaker is} 32... Bxd4
33. Bxe8 Bf2 34. Nh4 $16 (34. Nxe7+ $6 Kf8 $11)) 33. Nxe7+ Kf8 34. Nf5 Rc2 {
Black threatens to win material: Rc2xc6} (34... Bf2 35. g4 $17) 35. Bd5 $15 {
The bishop is not easily driven from d5} Rc1 $4 {forfeits the advantage} (35...
Bf2 $142 $15 {is the best option Black has}) 36. Nxe3 $18 Rxf1+ 37. Nxf1 b5 (
37... Rc8 38. Kg2 Rc3 39. Kf2 $18) 38. Nd2 (38. Kg2 $5 b4 39. Nd2 Rc8 $18)
38... Rc8 $16 39. Nb3 Rc2 40. g4 f6 (40... b4 41. Kg1 $16) 41. h4 $18 Kg7 42.
Kg1 Kg6 $4 {terrible, but what else could Black do to save the game?} (42...
Rc3 $142 43. Kf2 Rh3 $18) 43. Be4+ (43. Be4+ Kf7 44. Bxc2 $18) 1-0